000 00707nam a22001817a 4500
003 UA-OsUOA
001 14832
007 ta
008 20031020b un ||||| |||| 00| 0 ukr d
100 _aЦиба В.
942 _cSA
040 _aUA-OsUOA
_cUA-OsUOA
_dUA-OsUOA
245 _aЗасуджені до страти ( в гостях у побратима)
_b[Про колишнього політв'язня, побратима Л.Лук'яненка М.Курчика, який живе в с. Харалуг Корец. р-ну]
300 _aС.6
955 _a0
773 0 _w0
_tНова Волинь
_dРівне
_d2003
_g№39/18 верес./
650 7 _aКраєзнавча робота
_2UDC
999 _c300996
_d300996